100 Greatest Proffesional Wrestlers of All-Time - Statistics

General Stats
  • This quiz has been taken 69 times
  • The average score is 40 of 100
Answer Stats
Hint Answer % Correct
1. Hulk Hogan
97%
6. John Cena
95%
5. The Rock
90%
10. Bret Hart
89%
4. The Undertaker
87%
3. ”Stone Cold” Steve Austin
86%
2. Ric Flair
83%
87. Owen Hart
81%
26. Randy Orton
81%
17. Triple H
79%
19. Cody Rhodes
78%
31. Edge
78%
37. Kane
78%
11. Andre the Giant
76%
12. Brock Lesnar
76%
9. Roman Reigns
76%
7. Shawn Michaels
76%
24. Chris Jericho
73%
8. ”Macho Man” Randy Savage
73%
69. Eddie Guerrero
70%
64. Rey Mysterio
70%
42. The Big Show
68%
78. Batista
67%
13. Seth Rollins
67%
68. Jeff Hardy
65%
25. Kurt Angle
63%
54. The Ultimate Warrior
63%
63. Booker T
62%
45. Chris Benoit
60%
33. CM Punk
59%
22. Sting
59%
39. AJ Styles
56%
48. Drew Mcintyre
54%
47. Kevin Nash
54%
38. Jerry “The King” Lawler
52%
18. Mick Foley
51%
16. Bruno Sammartino
49%
30. Daniel Bryan
49%
71. Goldberg
49%
86. Rob Van Dam
49%
62. Jey Uso
48%
28. Roddy Piper
44%
56. The Miz
44%
32. Scott Hall
41%
79. Bobby Lashley
40%
46. Big Van Vader
37%
98. JBL
37%
41. Bob Backlund
35%
66. Gunther
35%
44. Mr. Perfect
35%
53. Rick Rude
35%
72. Lex Luger
33%
21. Dusty Rhodes
32%
70. Kenny Omega
32%
77. Bray Wyatt
30%
83. Goldust
30%
82. Sgt. Slaughter
30%
65. DDP
29%
36. Jake “The Snake” Roberts
29%
57. Kevin Owens
29%
59. Jimmy Snuka
27%
85. Sami Zayn
27%
40. Jon Moxley
25%
27. Ted Dibiase
25%
81. The British Bulldog
25%
15. Buddy Rogers
24%
20. Harley Race
24%
52. Pedro Morales
24%
84. MJF
22%
34. Ricky “The Dragon” Steamboat
21%
80. Scott Steiner
17%
92. Sabu
16%
67. The Sheik
16%
90. Rick Steiner
14%
29. Terry Funk
14%
91. Arn Anderson
13%
43. ”Superstar” Billy Graham
13%
49. Dory Funk Jr.
11%
76. Kerry Von Erich
11%
88. Will Ospreay
11%
51. Bruiser Brody
10%
94. Killer Kowalski
10%
14. Lou Thesz
10%
35. Nick Bockwinkel
8%
89. Rick Martel
8%
93. Ron Simmons
8%
73. Bam Bam Bigelow
6%
60. Dick the Bruiser
6%
96. Dynamite Kid
6%
58. Stan Hansen
6%
23. Gorgeous George
5%
95. Road Warrior Hawk
5%
97. Terry Gordy
5%
75. Abdullah the Butcher
3%
50. Jack Brisco
3%
74. Ed “The Strangler” Lewis
2%
61. Ray Stevens
2%
99. The Crusher
2%
55. Verne Gagne
2%
100. Wahoo Mcdaniel
2%
No matching quizzes found
Score Distribution
Percent of People with Each Score
Percentile by Number Answered
Your Score History
You have not taken this quiz